000 01687nmc a2200481 a 4500
003 AR-BaBNM
005 20251128203809.0
008 177019s1969 ||||||||||||||000 | spa||
040 _cAR-BaBNM
100 1 _aGermani, Celia C. de
245 1 0 _aTeoría y práctica de la educación preescolar
260 _aBuenos Aires
_bEudeba
_c1969
300 0 _a402 p.
_bil., diagr.,tablas
490 0 _aLa Escuela en el Tiempo. Educación
500 0 _aContiene en apéndice una clasificación de libros para la biblioteca del preescolar realizada por Gloria Tarantino
500 1 _aEjemplar no. 142770: donación Fainholc, corresponde a la 2ª ed.de 1970
504 _aContiene bibliografía al final de cada capítulo
650 4 _aINFANCIA
650 4 _aEDUCACION DEL NINO
650 4 _aPSICOLOGIA DEL NINO
650 4 _aSOCIALIZACION
650 4 _aINFLUENCIA FAMILIAR
650 4 _aACTIVIDADES ESCOLARES
650 4 _aENSENANZA DE LA MUSICA
650 4 _aEDUCACION FISICA
650 4 _aJUEGOS EDUCATIVOS
650 4 _aRELACION FAMILIA-ESCUELA
653 0 _aTITERES
653 0 _aEDUCACION INICIAL
653 0 _aEXPRESION CORPORAL
700 1 _aReca, Telma
_ecolaborador
700 1 _aOrtiz, Raquel W. de
_ecolaborador
700 1 _aBidner Fernández, Paulina
_ecolaborador
700 1 _aBabini, Ana María
_ecolaborador
700 1 _aHemsy de Gainza, Violeta
_ecolaborador
700 1 _aStokoe, Patricia
_ecolaborador
700 1 _aGonzález, Lady Elba
_ecolaborador
700 1 _aLewis, Claudia
_ecolaborador
700 1 _aGiménez Pastor de Viacava, Marta
_ecolaborador
700 1 _aAlgañaraz, Susana
_ecolaborador
942 _cBK
998 _csilvi
999 _c4975
_d4975